| 000 | 00722nam a2200205 a 4500 | ||
|---|---|---|---|
| 008 | 120416s1982 ||||||||||||||||| || u | ||
| 020 | _a0023400803 | ||
| 050 | _aHD 31 Ful | ||
| 100 | _aHerbert, Theodore T | ||
| 245 | 1 | 0 | _aExploring the new management |
| 246 | _aa study guide with cases, readings, incidents and exercises | ||
| 250 | _a3rd ed | ||
| 260 |
_aNew York _bMacmillan Collier Macmillan _c1982 |
||
| 300 | _axiii, 348 p. : ill. | ||
| 350 | _a0.00 | ||
| 500 | _aIncludes bibliographical references. | ||
| 650 | 0 | _aMANAGEMENT | |
| 700 | _aFulmer, Robert M | ||
| 995 |
_D0.00 _FCBU-MAIN LIBRARY (Kitwe) _H1 _I8.95 _M1 _UDAMAGED _ZMain Library Open Access Collection |
||
| 999 |
_c42978 _d42978 |
||